Macroeconomía / (Registro nro. 3632)
[ vista simple ]
| 000 -LEADER | |
|---|---|
| fixed length control field | 01338nam a2200301Ia 4500 |
| 003 - CONTROL NUMBER IDENTIFIER | |
| control field | OSt |
| 005 - DATE AND TIME OF LATEST TRANSACTION | |
| control field | 20210113113116.0 |
| 008 - FIXED-LENGTH DATA ELEMENTS--GENERAL INFORMATION | |
| fixed length control field | 191128t2000 ck ad fr 000 0dspa d |
| 020 ## - INTERNATIONAL STANDARD BOOK NUMBER | |
| International Standard Book Number | 8420529850 |
| 040 ## - CATALOGING SOURCE | |
| Original cataloging agency | CO-JMCR |
| Transcribing agency | CO-JMCR |
| 041 1# - LANGUAGE CODE | |
| Language code of text/sound track or separate title | spa |
| Language code of original | eng |
| 082 04 - DEWEY DECIMAL CLASSIFICATION NUMBER | |
| Classification number | 339 / |
| Item number | B639m |
| Edition number | 23 |
| 100 1# - MAIN ENTRY--PERSONAL NAME | |
| Personal name | Blanchard, Olivier, |
| Relator term | autor |
| 9 (RLIN) | 7818 |
| 245 10 - TITLE STATEMENT | |
| Title | Macroeconomía / |
| Statement of responsibility, etc. | Oliver Blanchard ; traducción de Esther Rabasco y Luis Toharia |
| 250 ## - EDITION STATEMENT | |
| Edition statement | Segunda edición |
| 260 ## - PUBLICATION, DISTRIBUTION, ETC. | |
| Place of publication, distribution, etc. | Bogotá : |
| Name of publisher, distributor, etc. | Pearson Educación, |
| Date of publication, distribution, etc. | ©2000 |
| 300 ## - PHYSICAL DESCRIPTION | |
| Extent | xxviii, 640 páginas : |
| Other physical details | gráficos a blanco y negro ; |
| Dimensions | 26 cm. |
| 500 ## - GENERAL NOTE | |
| General note | Incluye notas a pie de página y datos biográficos del autor. |
| 505 0# - FORMATTED CONTENTS NOTE | |
| Formatted contents note | Una gira por el mundo -- Una gira por el libro -- El núcleo -- El mercado de bienes -- los mercados financieros -- los mercados de bienes y financieros: el modelo IS-LM |
| 520 3# - SUMMARY, ETC. | |
| Summary, etc. | "Macroeconomía de Oliver Blanchard, es un texto de obligada lectura para aquellas personas que deseen comprender el comportamiento agregado de las economías actuales a la luz de la experiencia histórica. |
| 534 ## - ORIGINAL VERSION NOTE | |
| Introductory phrase | Macroeconomics |
| 546 ## - LANGUAGE NOTE | |
| Language note | Traducido del inglés |
| 650 14 - SUBJECT ADDED ENTRY--TOPICAL TERM | |
| Topical term or geographic name entry element | Macroeconomía |
| 9 (RLIN) | 7826 |
| 650 14 - SUBJECT ADDED ENTRY--TOPICAL TERM | |
| Topical term or geographic name entry element | Economía |
| 9 (RLIN) | 7827 |
| 700 1# - ADDED ENTRY--PERSONAL NAME | |
| Personal name | Rabasco, Esther, |
| Relator term | traductora |
| 9 (RLIN) | 4986 |
| 700 1# - ADDED ENTRY--PERSONAL NAME | |
| Personal name | Toharia, Luis, |
| Relator term | traductor |
| 9 (RLIN) | 4738 |
| 942 ## - ADDED ENTRY ELEMENTS (KOHA) | |
| Source of classification or shelving scheme | Dewey Decimal Classification |
| Koha item type | Books |
| Withdrawn status | Lost status | Source of classification or shelving scheme | Damaged status | Not for loan | Collection code | Home library | Current library | Date acquired | Source of acquisition | Total Checkouts | Full call number | Barcode | Date last seen | Date last checked out | Copy number | Koha item type | Public note |
|---|---|---|---|---|---|---|---|---|---|---|---|---|---|---|---|---|---|
| Dewey Decimal Classification | Non-fiction | Biblioteca Pública José María del Castillo y Rada | Biblioteca Pública José María del Castillo y Rada | 07/12/2018 | Donación | 2 | 339 / B639m | 201807506 | 05/16/2024 | 12/09/2019 | Ej.1 | Books | Exlibris : karen Cristina Rodriguéz Zapata |